000 00678nam a2200193Ia 4500
003 GCL
008 140319s9999 xx 000 0 ara d
040 _aGCL /
_cGCL
082 0 4 _a327.73
_bك م
100 1 _aكيسنجر, هنرى
245 1 0 _aمذكرات كيسنجر فى البيت الابيض 1968 - 1973 /
_cكيسنجر, هنرى
700 1 _aخليل فريحات
490 _aالهيئة العامة للاستعلامات
_v0
650 0 4 _aالنزاع العربى الاسرائيلى
650 0 4 _aالولايات المتحدة الامريكية
650 0 4 _aالسياسة الخارجية
650 0 4 _aكيسنجر, هنرى
942 _2ddc
_cBK
999 _c49162
_d49162